| 000 | 00352nam a22001337a 4500 | ||
|---|---|---|---|
| 020 | _a9780195136135 | ||
| 040 | _cNust | ||
| 082 |
_a621.3192 _bFRA |
||
| 100 | _aFranco,, Sergio | ||
| 245 | _aElectric Circuit Fundamentals | ||
| 260 |
_aNew York: _bOxford University Press, _c1995. |
||
| 650 |
_aElectric Circuit Fundamentals _977745 |
||
| 942 |
_2ddc _cBK |
||
| 999 |
_c610005 _d610005 |
||